El romanticismo

Guardado en:
Detalles Bibliográficos
Autor principal: Honour, Hugh (Autor)
Formato: Libro
Lenguaje:español
Publicado: Madrid Alianza 1984
Edición:2a. ed
Colección:Alianza Forma, 20
Materias:
Etiquetas: Agregar Etiqueta
Sin Etiquetas, Sea el primero en etiquetar este registro!

MARC

LEADER 00000nam a2200000 a 4500
001 UCV7593
003 CL-VaPUC
008 881206e19840000SP |||||||||||||||||spa|d
082 0 4 |a 709.0342  |b HON  |2 21 
100 |a Honour, Hugh  |e author  |9 553801 
245 1 3 |a El romanticismo 
250 |a 2a. ed 
300 |a 446 p 
942 |c BK 
945 |d 19881206 00:00:00 
260 |a Madrid  |b Alianza  |c 1984 
650 7 |a ROMANTICISMO EN EL ARTE  |2 CL-VaPUC  |9 265169 
583 |a last modification  |c 19881206 00:00:00  |k Rodrigo Vera 
490 0 |a Alianza Forma, 20 
999 |c 213243  |d 213241 
952 |0 0  |1 0  |2 ddc  |4 0  |6 709_034200000000000_HON_1984  |7 0  |8 A  |9 195437  |a BIBART  |b BIBART  |d 2019-11-14  |i 2634856  |l 1  |o 709.0342 HON 1984  |p 2634856  |r 2025-04-16  |s 2025-04-16  |w 2019-11-14  |y BK  |k ART 
952 |0 0  |1 0  |4 0  |6 709_034200000000000_HON_1984  |7 0  |8 A  |9 195438  |a BIBARQ  |b BIBARQ  |d 2019-11-14  |i 2634864  |o 709.0342 HON 1984  |p 2634864  |r 2025-01-20  |w 2019-11-14  |y BK  |k ARQ